00733nam a2200205 i 4500001000400000100001700004245005000021260003700071300003300108490004500141504002900186505002000215650007700235830004500312020001500357040000800372041000800380008004100388856009800429bgj1 aFRENDO, Evan10aHow to Teach Business English /cEvan Frendo. aHarlow, Essex :bLongman,c2007. aVI, 162 pp :bill. ;c25 cm.1 aHow to... / Jeremy Harmer, series editor aBibliography p. 156-159. aIncludes index. 9aBusiness EnglishaEnglish languagexStudy and teachingxForeign speakers 0aHow to... (Jeremy Harmer, series editor) a0582779969 cBPK0 aeng s uk f |000 0 eng  uhttp://koha.tu.koszalin.pl/cgi-bin/koha/opac-detail.pl?biblionumber=49125yKatalog online BPK